000 00258nam a22001217a 4500
008 170314b xxu||||| |||| 00| 0 eng d
041 _aeng
080 _a591
100 _a7
101 _aSHM
245 _aEASTERN FOREST INSECT
_cBAKER.W.L
942 _2udc
_cBK
999 _c7750
_d7750